000 00171nam a22000857a 4500
999 _c12468
_d12468
082 _a297
100 _aAbul Ala Mawdudi
245 _aTowards Understanding Islam
942 _cBK